Fixed : Global Fixed-Gear Bike Culture /

Libro sobre las bicicletas de piñón fijo tanto como una buena elección para competir como medio de transporte citadino. Se destacan por la gran cantidad de diseños que de ellas existen en el mercado y la forma en que cada propietario les imprime su identidad personal.

Kaydedildi:
Detaylı Bibliyografya
Yazar: Edwards, Andrew (autor)
Diğer Yazarlar: Leonard, Max (autor) (autor)
Materyal Türü: Kitap
Dil:İngilizce
Baskı/Yayın Bilgisi: Londres, Inglaterra : Laurence King, 2009, c2009
Konular:
Etiketler: Etiketle
Etiket eklenmemiş, İlk siz ekleyin!

MARC

LEADER 00000nam^a2200000^a^4500
001 000316858
005 20250521000000.0
009 20260310113326.845
020 |a 978-1-85669-645-6 
037 |a Acervo ITESO - Biblioteca 
041 |a ING 
082 |a 629. 2272  |b EDW 
100 |a Edwards, Andrew  |e (autor) 
245 1 0 |a Fixed :  |b Global Fixed-Gear Bike Culture /  |c A. Edwards, M. Leonard. 
264 4 |a Londres, Inglaterra :  |b Laurence King,  |c 2009, c2009 
300 |a 144 p. 
336 |a texto  |b txt  |2 rdacontenido 
337 |a sin mediación  |b n  |2 rdamedio 
338 |a volumen  |b nc  |2 rdasoporte 
520 |a Libro sobre las bicicletas de piñón fijo tanto como una buena elección para competir como medio de transporte citadino. Se destacan por la gran cantidad de diseños que de ellas existen en el mercado y la forma en que cada propietario les imprime su identidad personal. 
649 |a XX 
650 |a Bicicletas -  |x Tema Principal 
650 |a Diseño Industrial 
650 |a Estética 
650 |a Transporte Terrestre 
650 |a Transporte Urbano 
650 |a Ciclismo 
650 |a Deportes 
700 |a Leonard, Max  |e (autor) 
910 |a Fondo General 
920 |a Impresos - Libros 
930 |a Colección General 
905 |a 101 
901 |a 0500203458  |b IT1  |c ACC  |i C130033  |u 20250521 
902 |a https://opac.biblio.iteso.mx/vufind/Record/000316858